000 00348nam a2200133Ia 4500
008 240624s9999 xx 000 0 und d
041 _aeng
082 _a153 MAL
100 _aMALONE JOHN C
245 _aPSYCHOLOGY PYTHAGORAS TO PRESENT
260 _c2010
_aNew Delhi
_bPrentice Hall of India
300 _aviii, 560 p.; 22 cm.
365 _cRS
_b33
999 _c29577
_d29577